| 000 | 00832nam a2200217Ia 4500 | ||
|---|---|---|---|
| 001 | 8395 | ||
| 003 | GE_BSU | ||
| 008 | 181216s||||||||xx |||||||||||||| ||und|| | ||
| 040 | _cGE_BSU | ||
| 100 | _aეგაძე, ოთარ | ||
| 245 | _aვინა ხარ შენ, И.Сталин | ||
| 245 | _bდოკუმენტური პოლიტიკური რომანი. 2 ნაწ. | ||
| 245 | _cრედ. გულიკო ხეთაგური. მხატვ. ო.გორალევიჩი | ||
| 260 | _aთბილისი | ||
| 260 | _bმერანი | ||
| 260 | _c1991 | ||
| 300 | _a910გვ.20სმ. | ||
| 653 | _aდოკუმენტური პოლიტიკური რომანი | ||
| 653 | _aვინა ხარ შენ, И.Сталин | ||
| 942 | _cBK | ||
| 999 |
_c41715 _d41715 |
||